书目信息 |
| 题名: |
艰苦的历程
|
|
| 作者: | ||
| 分册: | 上 | |
| 出版信息: | 北京 人民出版社 1984 |
|
| 页数: | 524页 | |
| 开本: | 20cm | |
| 丛书名: | ||
| 单 册: | ||
| 中图分类: | E297.2 | |
| 科图分类: | ||
| 主题词: | 红四方面军-军事史--中国 , 军事史-红四方面军--中国 | |
| 电子资源: | ||
| ISBN: | ||
| 000 | 00809nam0 2200253 45 | |
| 001 | 0184001366 | |
| 005 | 20040422105904.9 | |
| 010 | @dCNY3.00 | |
| 091 | @a11001.741 | |
| 100 | @a19951011d1984 em y0chiy0121 ea | |
| 101 | 0 | @achi |
| 102 | @aCN@b110000 | |
| 105 | @ay z 000yy | |
| 106 | @ar | |
| 200 | 10 | @a艰苦的历程@Ajian ku de li cheng@e中国工农红军第四方面军革命回忆录选辑@h上@Ajian ku de li cheng |
| 210 | @a北京@c人民出版社@d1984 | |
| 215 | @a524页@c照片@d20cm | |
| 517 | 1 | @a中国工农红军第四方面军革命回忆录选辑@Azhong guo gong nong hong jun di si fang mian jun ge ming huiyi lu xuan ji |
| 606 | @a红四方面军-军事史@y中国 | |
| 606 | @a军事史-红四方面军@y中国 | |
| 690 | @aE297.2@v3 | |
| 801 | 0 | @aCN@b深圳图书馆@c20040422 |
| 801 | 2 | @aCN@bNLC@c20040422 |
| 905 | @dE297.2@e14:1@b126668@f1 | |
| 艰苦的历程:中国工农红军第四方面军革命回忆录选辑.上.-北京:人民出版社,1984 |
| 524页:照片;20cm |
| ISBN :CNY3.00 |
| ● |
| 相关链接 |
|
|
|
|
正题名:艰苦的历程
索取号:E297.2/14:1
 
预约/预借
| 序号 | 登录号 | 条形码 | 馆藏地/架位号 | 状态 | 备注 |
| 1 | 0126667 | 001260824 | 第一样本阅览室/ [索取号:E297.2/14:1] | 在馆 | |
| 2 | 0126668 | 001260833 | 第一借阅区/ [索取号:E297.2/14:1] | 在馆 |